The History and culture of Abakhero people of Western Kenya / (Record no. 13893)
[ view plain ]
| 000 -LEADER | |
|---|---|
| fixed length control field | 00752nam a22002172 4500 |
| 001 - CONTROL NUMBER | |
| control field | 0000024259 |
| 005 - DATE AND TIME OF LATEST TRANSACTION | |
| control field | 20151217155914.0 |
| 008 - FIXED-LENGTH DATA ELEMENTS--GENERAL INFORMATION | |
| fixed length control field | 130621s xx 000 0 eng d |
| 020 ## - INTERNATIONAL STANDARD BOOK NUMBER | |
| International Standard Book Number | 9966734708 : |
| 040 ## - CATALOGING SOURCE | |
| Original cataloging agency | KABU |
| Transcribing agency | KABU |
| 100 1# - MAIN ENTRY--PERSONAL NAME | |
| Personal name | Mukhule, Chrispinus Odhiambo. |
| -- | 0000184257 |
| 245 14 - TITLE STATEMENT | |
| Title | The History and culture of Abakhero people of Western Kenya / |
| Statement of responsibility, etc. | Chrispinus Odhiambo Mukhule. |
| 250 ## - EDITION STATEMENT | |
| Edition statement | 1st ed. |
| 260 ## - PUBLICATION, DISTRIBUTION, ETC. (IMPRINT) | |
| Place of publication, distribution, etc. | Nairobi : |
| Name of publisher, distributor, etc. | C. O. Mukhule, |
| Date of publication, distribution, etc. | 2008. |
| 300 ## - PHYSICAL DESCRIPTION | |
| Extent | xiv, 158 p. |
| 650 #0 - SUBJECT ADDED ENTRY--TOPICAL TERM | |
| Topical term or geographic name as entry element | Luyia (African people) |
| General subdivision | Social life and customs |
| Geographic subdivision | Kenya. |
| -- | 0000184258 |
| 651 #0 - SUBJECT ADDED ENTRY--GEOGRAPHIC NAME | |
| Geographic name | Kenya |
| General subdivision | Social life and customs. |
| -- | 0000167746 |
| 852 1# - LOCATION | |
| -- | p470 KES |
| 908 ## - PUT COMMAND PARAMETER (RLIN) | |
| Put command parameter | 130621 |
| 950 ## - LOCAL HOLDINGS (RLIN) | |
| -- | 1 |
| Withdrawn status | Lost status | Source of classification or shelving scheme | Not for loan | Home library | Current library | Date acquired | Total Checkouts | Full call number | Barcode | Date last seen | Date last checked out | Price effective from | Koha item type |
|---|---|---|---|---|---|---|---|---|---|---|---|---|---|
| Library of Congress Classification | Kabarak, Main Campus | Kabarak, Main Campus | 17/12/2015 | 1 | DT433.545 .L88M85 2008 c. 1 | 015429 | 06/03/2018 | 05/03/2018 | 17/12/2015 | Africana Collection |